[Event "Floripa Chess Open 2024"]
[Site "Florianopolis"]
[Date "2024.01.28"]
[Round "10.191"]
[White "Flores, Carlo Paggiarin"]
[Black "Biazon, Natalia De Oliveira"]
[Result "1-0"]
[WhiteElo "1800"]
[BlackElo "1250"]
[PlyCount "103"]
[EventDate "2024.01.20"]
[EventRounds "10"]
[EventCountry "BRA"]

1. e4 e6 2. Nf3 d5 3. exd5 exd5 4. d4 Nf6 5. Bd3 Bd6 6. O-O O-O 7. Nc3 c6 8.
Bg5 h6 9. Bxf6 ({RR} 9. Bh4 Re8 10. Re1 Rxe1+ 11. Qxe1 Nbd7 12. Qd2 Qc7 13. Re1
b6 14. Bg3 Bb7 15. Nh4 Re8 16. Rxe8+ Nxe8 17. Qe3 Ndf6 18. Ne2 Bxg3 19. Nxg3
Bc8 20. h3 Kf8 21. c3 Qe7 22. Nhf5 Qxe3 23. fxe3 g6 {Stambulian,A (2469)
-Maiorov,O (2458) Krasnodar 2002 1/2-1/2}) ({RR} 9. Bh4 Be6 10. Ne2 Nbd7 11.
Bg3 Qc7 12. Re1 Ne4 13. Bxe4 dxe4 14. Bxd6 Qxd6 15. Nd2 f5 16. Ng3 Qxd4 17. c3
Qb6 18. b3 Ne5 19. Qh5 Ng4 20. Rf1 e3 21. Nf3 f4 22. Ne4 Bf5 23. Nd6 Bd7 {
Halis,A-Taskin,A (1573) Konya TUR 2018 0-1 (39)}) 9... Qxf6 10. h3 $146 ({RR} 
10. Re1 Bg4 11. Be2 Nd7 12. Ne5 Bf5 13. Nxd7 Bxd7 14. Na4 Qh4 15. g3 Qg5 16.
Bf1 b6 17. c4 dxc4 18. Nc3 Be6 19. Ne4 Qd8 20. Qa4 b5 21. Qa6 Bb4 22. Red1 Qc7
23. Bg2 Bc8 24. Nf6+ gxf6 {Welte,G (1122)-Buschle,B Burladingen 2000 0-1 (50)})
10... Bf5 11. Ne2 Bxd3 12. Qxd3 Nd7 13. Ng3 Rfe8 14. Rae1 Qg6 15. Nf5 Bc7 16.
Ne7+ Rxe7 17. Qxg6 fxg6 18. Rxe7 Rd8 19. Rfe1 Kf8 20. Nh4 Bd6 21. Nxg6+ Kg8 22.
Re8+ Rxe8 23. Rxe8+ Kf7 24. Rd8 Ke6 25. Ra8 Kf6 26. Nh4 Bb8 27. g3 Ke7 28. Nf3
a6 29. Ne5 Bxe5 30. dxe5 Nxe5 31. Ra7 Kd6 32. Rxb7 g6 33. Ra7 Nc4 34. b4 Na3
35. Rxa6 Nxc2 36. b5 Nb4 37. Ra4 Kc5 38. Rxb4 Kxb4 39. bxc6 d4 40. c7 Kc3 41.
c8=Q+ Kd2 42. Kf1 d3 43. Qd7 Kc2 44. Ke1 Kc3 45. a4 Kb4 46. Qxd3 Kxa4 47. Qb1
Ka3 48. Kd2 Ka4 49. Kc3 Ka5 50. Kc4 Ka6 51. Qb8 Ka5 52. Qb5# 1-0

[Event "Floripa Chess Open 2024"]
[Site "Florianopolis"]
[Date "2024.01.28"]
[Round "10.192"]
[White "Balbinotti, Rafael Tiago Busane"]
[Black "Goncalves, Maria Talissa Neves"]
[Result "1-0"]
[WhiteElo "1345"]
[BlackElo "1224"]
[PlyCount "82"]
[EventDate "2024.01.20"]
[EventRounds "10"]
[EventCountry "BRA"]

1. c4 e5 2. Nc3 Nc6 3. g3 Nf6 4. Bg2 Bc5 5. e3 a6 6. Nge2 O-O 7. O-O Ba7 8. a3
d6 9. b4 Ne7 ({RR} 9... Bf5 10. d3 Qd7 11. Re1 Bh3 12. Bh1 Ng4 13. d4 exd4 14.
exd4 Rae8 15. c5 dxc5 16. dxc5 Qxd1 17. Rxd1 Nge5 18. f4 Nc4 19. Kf2 Bg4 20.
Bd5 Nd6 21. Re1 Ne7 22. Bg2 c6 23. h3 Bc8 24. Nd4 {Ponomariov,R (2743)-Kobalia,
M (2651) Khanty-Mansiysk 2013 1/2-1/2 (51)}) 10. Bb2 c6 11. b5 $146 ({RR} 11.
d3 Qc7 12. Rc1 Bf5 13. d4 Rad8 14. d5 Bc8 15. e4 Ne8 16. dxc6 bxc6 17. Kh1 f5
18. exf5 Nxf5 19. Qc2 Nh6 20. f3 Nf5 21. Nd1 Nf6 22. f4 Ng4 23. Be4 Qf7 24.
Bxf5 Bxf5 25. Qc3 Be4+ {Serrera Sanchez Romo,S (1684)-Martinez Fernandez,R 
(2180) Madrid 2017 0-1}) 11... Be6 12. d3 Rc8 13. a4 d5 14. Qb3 dxc4 15. dxc4
Bc5 16. bxa6 bxa6 17. Rad1 Qb6 18. Qxb6 Bxb6 19. Ba3 c5 20. Bb7 Rcd8 21. Bxa6
Ng6 22. Bb5 Rc8 23. Rd2 Bh3 24. Rb1 Ba5 25. Rd6 Rcd8 26. Bxc5 Rxd6 27. Bxd6 Rd8
28. c5 h5 29. Bc4 e4 30. Rb7 Kh7 31. Bxf7 Ng4 32. Nxe4 h4 33. Ng5+ Kh6 34. Nxh3
hxg3 35. fxg3 Bd2 36. e4 Be3+ 37. Kg2 Bd2 38. Nhf4 Ne3+ 39. Kf3 Ra8 40. Nxg6
Rxa4 41. Bf4+ Kh5 1-0

[Event "Floripa Chess Open 2024"]
[Site "Florianopolis"]
[Date "2024.01.28"]
[Round "10.193"]
[White "Zottis, Ernani"]
[Black "Kortmann, Pedro Reck"]
[Result "1-0"]
[WhiteElo "1335"]
[BlackElo "1159"]
[PlyCount "49"]
[EventDate "2024.01.20"]
[EventRounds "10"]
[EventCountry "BRA"]

1. e4 c5 2. Bc4 e6 3. Nc3 Nc6 4. Nf3 d6 5. O-O Nf6 6. d3 ({RR} 6. Bb5 Bd7 7.
Re1 Be7 8. d3 O-O 9. Ne2 Ne5 10. Nxe5 Bxb5 11. Nf3 Ba6 12. Ng3 Rc8 13. c3 Re8
14. Bg5 b6 15. Bxf6 Bxf6 16. Nh5 Bb7 17. Rc1 g6 18. Nxf6+ Qxf6 19. Qe2 e5 20.
Qe3 Kg7 {Jaroch,K (2252)-Dobrowolski,P (2423) Warsaw 2010 1/2-1/2 (53)}) 6...
Bd7 ({RR} 6... a6 7. a3 b5 8. Ba2 Be7 9. Re1 O-O 10. h3 Bb7 11. d4 cxd4 12.
Nxd4 Nxd4 13. Qxd4 Re8 14. Bg5 Qc7 15. Rad1 Rad8 16. Qe3 Qc5 17. Qxc5 dxc5 18.
Rxd8 Rxd8 19. e5 Nd5 20. Bxe7 Nxe7 21. Ne4 {Maynard,A-Ardiani,G Europe-Echecs
INT 2021 0-1 (60)}) 7. Ne2 $146 ({RR} 7. Bg5 Be7 8. Re1 Qc7 9. Qd2 h6 10. Bf4
a6 11. h3 g5 12. Bh2 g4 13. Nh4 gxh3 14. gxh3 O-O-O 15. a3 Nd4 16. e5 Nh5 17.
exd6 Bxd6 18. Bxd6 Qxd6 19. Qe3 Rdg8+ 20. Ng2 Nf4 21. Ne4 Rxg2+ {Erdolek,E 
(1455)-Pekin,T (1657) Izmir 2002 0-1}) ({RR} 7. Bg5 e5 8. Be3 Nd4 9. Bxd4 cxd4
10. Ne2 Ng4 11. Qc1 Qf6 12. Ng5 Be6 13. Bb5+ Bd7 14. Bc4 Be6 {0-1 (14) Doglio,
F-Rodriguez Balbin,C Buenos Aires 2004}) ({RR} 7. h3 a6 8. a3 g6 9. Bg5 Bg7 10.
d4 cxd4 11. Nxd4 Ne5 12. f4 Nxc4 13. Qc1 Qc7 14. b3 Nb6 15. Qe3 O-O 16. Nce2
Nh5 17. f5 exf5 18. exf5 Rae8 19. Qd2 Rxe2 20. Nxe2 Bxa1 21. Rxa1 f6 {Vlasics,
F-Junge,A Schleswig Holstein 1989 0-1 (50)}) 7... Qc7 8. Bf4 O-O-O 9. Qd2 Be7
10. a3 h6 11. b4 cxb4 12. axb4 Qb6 13. c3 d5 14. Be3 Qc7 15. exd5 exd5 16. Bb3
b6 17. Ra2 Bg4 18. Nfd4 Nxd4 19. Nxd4 Bd7 20. Rfa1 Ng4 21. g3 Kb8 22. Rxa7 Qxa7
23. Rxa7 Kxa7 24. Qa2+ Kb7 25. Bxd5+ 1-0

[Event "Floripa Chess Open 2024"]
[Site "Florianopolis"]
[Date "2024.01.28"]
[Round "10.194"]
[White "De Souza, Felipe De Deus"]
[Black "Lisboa, Maria Eduarda Mazza"]
[Result "1-0"]
[WhiteElo "1276"]
[BlackElo "1081"]
[PlyCount "59"]
[EventDate "2024.01.20"]
[EventRounds "10"]
[EventCountry "BRA"]

1. e4 d5 2. exd5 Qxd5 3. Nc3 Qa5 4. Nf3 Nf6 5. d4 c6 6. Bc4 Bf5 7. Bd2 Qc7 8.
Ne5 e6 9. h4 ({RR} 9. Bf4 Bd6 10. g4 Bg6 11. h4 Be4 12. Nxe4 Nxe4 13. Bb3 Nd7
14. Qe2 Nxe5 15. dxe5 {1-0 (15) Heinechen,J (1998)-Mareco,M (1420) Asuncion
2017}) 9... Nbd7 $146 ({RR} 9... Bg6 10. g4 Nbd7 11. Bf4 Bd6 12. Qe2 Nd5 13.
Bxd5 cxd5 14. h5 f6 15. Nxd7 Be4 16. Bxd6 Qxd6 17. Nxe4 dxe4 18. Nc5 Qxd4 19.
Qb5+ Kf8 20. Nxe6+ {1-0 (20) Dvorsak,H (1878)-Coussement,S (1317) Lille 2015})
10. Nxd7 Qxd7 11. Bg5 Ne4 12. h5 Nxc3 13. bxc3 Be4 14. O-O f6 15. Bf4 O-O-O 16.
Rb1 Bd6 17. Bxd6 Qxd6 18. Qe2 Bd5 19. Rb4 b5 20. Bxd5 exd5 21. a4 a6 22. axb5
axb5 23. Ra1 Kb7 24. Rab1 Qc7 25. c4 dxc4 26. Qxc4 Qf4 27. Rxb5+ Kc7 28. Rb7+
Kd6 29. Qc5+ Ke6 30. Re7# 1-0

[Event "Floripa Chess Open 2024"]
[Site "Florianopolis"]
[Date "2024.01.28"]
[Round "10.195"]
[White "Assis, Caio Bentivenha"]
[Black "Vieira, Luiza Lessing"]
[Result "1-0"]
[WhiteElo "1800"]
[BlackElo "1239"]
[PlyCount "115"]
[EventDate "2024.01.20"]
[EventRounds "10"]
[EventCountry "BRA"]

1. e4 c5 2. Nf3 d6 3. d4 cxd4 4. Nxd4 Nf6 5. Nc3 a6 6. f3 e5 7. Nb3 Be7 8. Be3
Be6 9. Qd2 h5 10. O-O-O Nbd7 11. Nd5 Nxd5 12. exd5 Bf5 13. Bd3 Bxd3 14. Qxd3
Bg5 15. Kb1 Bxe3 16. Qxe3 O-O 17. h4 Rc8 18. g4 hxg4 19. fxg4 Nf6 $146 ({RR} 
19... Rc4 20. g5 f5 21. gxf6 Nxf6 22. Qd3 Rf4 23. Rdg1 Qe8 24. Rh2 Qh5 25. Rhg2
Rf7 26. Qh3 Qf5 27. Qxf5 Rxf5 28. Rd1 Rf4 29. Na5 Nxd5 30. Re2 Rf1 31. Kc1 Nf4
32. Re4 Rxd1+ 33. Kxd1 b5 34. Kd2 {Vasilkova,S (2347)-Lahaye,R (2273) Hengelo
2003 0-1 (79)}) 20. g5 Nh5 21. Qf3 g6 22. Nd2 Kg7 23. Ne4 Rc5 24. b3 Rc7 25.
Ng3 Rh8 26. Nxh5+ Rxh5 27. Rdf1 Rd7 28. Qf6+ Qxf6 29. Rxf6 e4 30. Kb2 Kf8 31.
Kc3 Ke8 32. Kd4 Re7 33. Rxd6 e3 34. Kd3 Re5 35. Rb6 Rxd5+ 36. Kxe3 Rdxg5 37.
Rxb7 Re5+ 38. Kd3 Rd5+ 39. Kc3 Rhe5 40. Rf1 Rf5 41. Rxf5 Rxf5 42. Rb6 a5 43.
Kb2 Kd7 44. b4 axb4 45. Rxb4 Kc6 46. a4 Ra5 47. Rf4 Ra7 48. Kb3 Kc5 49. c4 f5
50. h5 gxh5 51. Rxf5+ Kb6 52. Rxh5 Rc7 53. Rb5+ Kc6 54. a5 Ra7 55. Kb4 Ra6 56.
Rc5+ Kb7 57. Kb5 Rf6 58. Rd5 1-0

[Event "Floripa Chess Open 2024"]
[Site "Florianopolis"]
[Date "2024.01.28"]
[Round "10.196"]
[White "Vaz, Vania Dora Madona"]
[Black "Biazon, Heloise De Oliveira"]
[Result "1/2-1/2"]
[WhiteElo "1236"]
[BlackElo "1030"]
[PlyCount "91"]
[EventDate "2024.01.20"]
[EventRounds "10"]
[EventCountry "BRA"]

1. e4 e6 2. d4 d5 3. Nd2 c5 4. c3 Nc6 5. Ngf3 Qb6 6. Bd3 Bd7 7. O-O cxd4 8.
exd5 ({RR} 8. cxd4 Nxd4 9. Nxd4 Qxd4 10. Nb3 Qb6 11. Be3 Qd8 12. Re1 Bb4 13.
Re2 dxe4 14. Bxe4 Bb5 15. Qxd8+ Rxd8 16. Rc2 b6 17. Rac1 Bd6 18. Rc8 Ne7 19.
Rxd8+ Kxd8 20. Rd1 Kc7 21. Rc1+ Kb8 22. Nd4 Bd7 {Antonov,A (2189)-Molchanov,A 
(2186) Dagomys 2009 1-0 (61)}) 8... exd5 9. Re1+ Be7 10. c4 $146 ({RR} 10. cxd4
Nxd4 11. Ne5 Be6 12. Ndf3 Nxf3+ 13. Qxf3 Nf6 14. h3 Qd4 15. Bb5+ Kf8 16. Qe2
Ne4 17. Nf3 Qf6 18. Be3 a6 19. Bd4 Qg6 20. Bd3 Bxh3 21. g3 Bf5 22. Ne5 Qe6 23.
Rac1 f6 24. Bxe4 Bxe4 {Deline,R-De Nisi,G (1816) Arco 2010 0-1 (38)}) 10... Be6
11. b3 Nb4 12. Bf1 d3 13. a3 Nc2 14. Bxd3 Nxa1 15. Qe2 O-O-O 16. Bb2 Bc5 17.
Bxg7 Ne7 18. Bxh8 Rxh8 19. Ng5 Bf5 20. Bxf5+ Nxf5 21. Nxf7 Rf8 22. Ng5 Nh4 23.
Nh3 Bd4 24. Rc1 Qg6 25. cxd5+ Kb8 26. g3 Qg4 27. Qe7 Ng6 28. Qe4 Qxe4 29. Nxe4
Bb2 30. Rd1 Bxa3 31. d6 Ne5 32. Nf4 Rd8 33. Ne6 Rd7 34. f4 Nf7 35. g4 h6 36. h4
Nxd6 37. Nxd6 Bxd6 38. f5 Bc5+ 39. Nd4 Bxd4+ 40. Kf1 Kc7 41. g5 hxg5 42. hxg5
Be3 43. Rxd7+ Kxd7 44. g6 Bd4 45. Ke2 Ke7 46. Kd3 1/2-1/2

[Event "Floripa Chess Open 2024"]
[Site "Florianopolis"]
[Date "2024.01.28"]
[Round "10.197"]
[White "Mamede, Miguel Rodrigues"]
[Black "Leite, Lucas Bueno De Oliv"]
[Result "0-1"]
[WhiteElo "1800"]
[BlackElo "1227"]
[PlyCount "38"]
[EventDate "2024.01.20"]
[EventRounds "10"]
[EventCountry "BRA"]

1. e4 c6 2. Nf3 d5 3. exd5 cxd5 4. d4 Nc6 5. Nc3 Qc7 ({RR} 5... Bf5 6. Bd3 Bg6
7. a3 e6 8. O-O Bd6 9. Re1 Nge7 10. Bxg6 hxg6 11. Be3 Qb6 12. Rb1 Nf5 13. h3
Rc8 14. Qd3 a6 15. b4 Na7 16. Na4 Qb5 17. Qb3 b6 18. c3 O-O 19. Nb2 Rc7 20. Bd2
{Csonka,A (2272)-Vargyas,Z (2123) Budapest 2002 0-1 (34)}) 6. Be3 $146 ({RR} 6.
Nxd5 Qa5+ 7. Nc3 Nf6 8. Bd2 Bg4 9. Nb5 Qd8 10. Bf4 Nd5 11. Qd2 Rc8 12. c3 a6
13. Na3 e6 14. Nc2 Bd6 15. Bxd6 Qxd6 16. Be2 O-O 17. O-O Nf4 18. Ne3 Bh5 19. g4
Bg6 20. Nc4 Nxe2+ {Phan,T (1602)-Tran Vuong Mai,K (1657) Ho Chi Minh City 2013
1-0}) 6... Nf6 7. Qd2 Bf5 8. Bd3 Bxd3 9. Qxd3 e6 10. O-O-O Bd6 11. g3 Ng4 12.
Nb5 Qe7 13. Nxd6+ Qxd6 14. b3 Nxe3 15. Qxe3 O-O 16. Ne5 Rac8 17. Nxc6 Rxc6 18.
f4 b5 19. Rd3 Rfc8 0-1

[Event "Floripa Chess Open 2024"]
[Site "Florianopolis"]
[Date "2024.01.28"]
[Round "10.198"]
[White "Rolim, Claudia Vitoria Fer"]
[Black "Alves, Lucas Fernando"]
[Result "1/2-1/2"]
[WhiteElo "1745"]
[BlackElo "1216"]
[PlyCount "82"]
[EventDate "2024.01.20"]
[EventRounds "10"]
[EventCountry "BRA"]

1. e4 d5 2. exd5 Nf6 3. d3 Nxd5 4. Nf3 Nc6 5. Bd2 Bg4 6. Be2 e6 7. Nc3 Be7 8.
O-O $146 ({RR} 8. Ne4 f5 9. Nc3 Bf6 10. Nxd5 Qxd5 11. c4 Qd7 12. Qb3 O-O 13.
Bc3 b6 14. h3 Bxf3 15. Bxf3 Rad8 16. Bxf6 Rxf6 17. Bxc6 Qxc6 18. f3 Qc5 19.
O-O-O Qf2 20. Rhg1 e5 21. Qc2 Qc5 22. Rge1 b5 {Ales Garcia,J-Boesch,D Brilon
1993 1/2-1/2 (61)}) ({RR} 8. Ne4 O-O 9. O-O Nf6 10. Ng3 Nd4 11. h3 Nxe2+ 12.
Qxe2 Bxf3 13. Qxf3 Qd5 14. Qxd5 Nxd5 15. Ne4 Rfd8 16. Rfe1 h6 17. a3 Rd7 18.
Rad1 Rad8 19. Nc3 Bf6 20. Nxd5 Rxd5 21. b3 Rc5 22. c4 Rc6 {Bellanger,M-Batteux,
M (2001) Angers 2012 1/2-1/2}) 8... O-O 9. Nxd5 Qxd5 10. c4 Qh5 11. h3 Bxf3 12.
Bxf3 Qg6 13. Bc3 Rad8 14. Be2 Nd4 15. Bxd4 Rxd4 16. Qc2 Bd6 17. Rfd1 Rh4 18.
Kf1 Qf5 19. Bg4 Qf6 20. g3 Rh6 21. Rd2 Bxg3 22. Re1 Rg6 23. Rde2 h5 24. Bxh5
Qh4 25. fxg3 Qxh3+ 26. Rg2 Rf6+ 27. Kg1 Qxh5 28. Rh2 Qc5+ 29. Kh1 Rh6 30. Rxh6
gxh6 31. Re2 Kh8 32. Rh2 Qc6+ 33. Kg1 e5 34. Qd2 Kh7 35. Qf2 Qg6 36. Qe3 Rg8
37. Rg2 Qh5 38. Qe4+ Rg6 39. Qxb7 Qd1+ 40. Kh2 Qh5+ 41. Kg1 Qd1+ 1/2-1/2

[Event "Floripa Chess Open 2024"]
[Site "Florianopolis"]
[Date "2024.01.28"]
[Round "10.199"]
[White "Nunes, Nicole"]
[Black "Da Rosa, Pauline Cardoso"]
[Result "0-1"]
[WhiteElo "1253"]
[BlackElo "1800"]
[PlyCount "52"]
[EventDate "2024.01.20"]
[EventRounds "10"]
[EventCountry "BRA"]

1. d4 d5 2. c4 e6 3. Nc3 Nf6 4. Nf3 Nc6 5. Bg5 Be7 6. e3 O-O 7. Rc1 Qd7 ({RR} 
7... Nh5 8. cxd5 exd5 9. Bxe7 Nxe7 10. Bd3 Nf6 11. Qc2 c6 12. b4 g6 13. O-O Bf5
14. Bxf5 Nxf5 15. a4 Rc8 16. Qb3 Qe7 17. a5 a6 18. Rc2 Rce8 19. Re2 Nd6 20. Nd2
Qc7 21. Rfe1 Re7 22. e4 {Van der Plas,R (2209)-Mahdy,K (2423) Vienna 2003 1/
2-1/2}) ({RR} 7... dxc4 8. Bxc4 h6 9. Bh4 Bd7 10. O-O Nh7 11. Bg3 Ng5 12. e4
Bb4 13. d5 exd5 14. exd5 Nb8 15. Be5 Re8 16. Nxg5 Qxg5 17. f4 Qg6 18. Bd3 Bf5
19. Bxf5 Qxf5 20. Bxc7 Nd7 21. Qc2 Qf6 22. Ne4 {Alavi,H (2003)-Ram,J chess.com
INT 2021 1-0 (73)}) 8. Bd3 $146 ({RR} 8. cxd5 exd5 9. Bb5 a6 10. Ne5 Qd6 11.
Bxc6 bxc6 12. Bf4 Qe6 13. Qa4 c5 14. Qc6 cxd4 15. Qxa8 dxc3 16. bxc3 Qb6 17.
Qc6 Qb2 18. O-O Bd6 19. Nd3 Qe2 20. Bxd6 cxd6 21. Nf4 Qxa2 22. Qxd6 Qc4 {
Li,Y-Serikbay,A Porto Carras 2010 1-0 (85)}) 8... Rd8 9. O-O b6 10. Ne5 Nxe5
11. dxe5 Ne8 12. Bxe7 Qxe7 13. cxd5 exd5 14. f4 Bb7 15. Qh5 g6 16. Qh6 d4 17.
exd4 Rxd4 18. Bb1 Rad8 19. f5 Qc5 20. Ne2 Rh4+ 21. Rxc5 Rxh6 22. Rc3 gxf5 23.
Bxf5 Rd2 24. Re3 Bd5 25. Nc3 Rxg2+ 26. Kh1 Rhxh2# 0-1

[Event "Floripa Chess Open 2024"]
[Site "Florianopolis"]
[Date "2024.01.28"]
[Round "10.200"]
[White "Oga, Dora Mantelle"]
[Black "Born, Ary"]
[Result "1-0"]
[WhiteElo "1800"]
[BlackElo "1249"]
[PlyCount "99"]
[EventDate "2024.01.20"]
[EventRounds "10"]
[EventCountry "BRA"]

1. e4 e6 2. b3 d5 3. Bb2 c5 4. e5 ({RR} 4. Bb5+ Bd7 5. Bxd7+ Qxd7 6. Qe2 Nc6 7.
exd5 Qxd5 8. Nf3 Nf6 9. O-O Be7 10. Nc3 Qf5 11. d3 O-O 12. Ne4 Rfd8 13. c4 Nxe4
14. dxe4 Qf4 15. e5 a5 16. a4 h5 17. Rad1 b6 18. g3 Qf5 {Gelashvili,T (2550)
-Shipov,S (2613) ICC INT 2002 0-1 (45)}) 4... Nc6 5. Nf3 ({RR} 5. Bb5 Nge7 6.
Nf3 Bd7 7. Na3 a6 8. Bxc6 Nxc6 9. O-O b5 10. c3 Be7 11. Nc2 f5 12. exf6 Bxf6
13. d4 O-O 14. Ne3 c4 15. Ba3 Rf7 16. Bc5 Qc7 17. b4 Qf4 18. a4 bxa4 19. Rxa4
Nd8 {Pavcevic,B (2098)-Takac,Z (2100) Mali Losinj CRO 2019 1-0 (42)}) 5... Be7
$146 ({RR} 5... Nh6 6. Na3 Bd7 7. c3 a6 8. Nc2 Be7 9. Ne3 O-O 10. Qc2 f6 11.
Bd3 f5 12. Be2 Rc8 13. h3 Be8 14. Qd1 d4 15. Nc4 b5 16. Na3 d3 17. Bf1 Qd5 18.
Qb1 Rd8 19. Nh2 Bh4 20. Nf3 {Geller,S-Almgren,S Los Angeles,CA 1954 0-1}) ({RR
} 5... Bd7 6. g3 Nh6 7. Bg2 Be7 8. O-O O-O 9. d4 Rc8 10. Nbd2 cxd4 11. Nxd4
Nxd4 12. Bxd4 Nf5 13. Bb2 Bb5 14. Re1 Bb4 15. Rc1 Qa5 16. c3 Qxa2 17. cxb4 Qxb2
18. Rb1 Qd4 19. Ra1 a6 20. Bh3 {Rivera Banquez,I-Torres Gonzalez,J (2224)
Cartagena 2000 0-1}) ({RR} 5... Bd7 6. d4 cxd4 7. Nxd4 Nxd4 8. Bxd4 Ne7 9. Be2
Nc6 10. Bb2 Bb4+ 11. Nd2 Qc7 12. f4 Qb6 13. c3 Bc5 14. Rf1 Be7 15. Nf3 O-O 16.
Bd3 f5 17. Nd2 Rac8 18. Qh5 Qe3+ 19. Be2 Be8 20. Qf3 {Kleine,M-Kasper,W
Hofbieber 1996 1/2-1/2}) 6. Bb5 Bd7 7. Bxc6 Bxc6 8. d4 Qc7 9. O-O Nh6 10. Re1
Nf5 11. c3 O-O-O 12. Nbd2 b5 13. a4 c4 14. axb5 Bxb5 15. bxc4 dxc4 16. Qc2 Nh4
17. Ra2 Kd7 18. Rea1 Ra8 19. d5 exd5 20. Nxh4 Qxe5 21. Qf5+ Qxf5 22. Nxf5 g6
23. Rxa7+ Rxa7 24. Rxa7+ Ke6 25. Nd4+ Kf6 26. Nxb5 Rb8 27. Ba3 Bxa3 28. Nxa3
Rb2 29. Nf3 Kg7 30. Ne5 Ra2 31. f4 d4 32. Rxf7+ Kg8 33. cxd4 Rxa3 34. d5 Rd3
35. Rc7 Rd1+ 36. Kf2 Rd2+ 37. Kg3 h5 38. Rxc4 Rxd5 39. Kh4 Rd2 40. Kg5 Kf8 41.
Kf6 Rd6+ 42. Kg5 Rd2 43. Kxg6 Rxg2+ 44. Kf6 Kg8 45. Nf3 Kh8 46. Ng5 Rxg5 47.
fxg5 Kh7 48. g6+ Kh6 49. Rc7 h4 50. Rh7# 1-0

[Event "Floripa Chess Open 2024"]
[Site "Florianopolis"]
[Date "2024.01.28"]
[Round "10.201"]
[White "Seara, Sophia Parisotto"]
[Black "Soares, Vinicius Tuma"]
[Result "1-0"]
[WhiteElo "1154"]
[BlackElo "1708"]
[PlyCount "21"]
[EventDate "2024.01.20"]
[EventRounds "10"]
[EventCountry "BRA"]

1. d4 d5 2. c4 e5 3. dxe5 dxc4 4. Qxd8+ Kxd8 5. Nc3 ({RR} 5. Bg5+ Be7 6. Nf3
Nc6 7. Nc3 Be6 8. O-O-O+ Kc8 9. Bf4 h6 10. e3 a6 11. Nd4 Nxd4 12. exd4 c6 13.
d5 cxd5 14. Nxd5 Bc5 15. Bxc4 Ne7 16. Be3 Bxd5 17. Bxd5 Bxe3+ 18. fxe3 Nxd5 19.
Rxd5 b6 {Almeida Quintana,O (2520)-Liascovich,L (2409) Pinamar 2012 1-0 (33)})
({RR} 5. Nf3 Bb4+ 6. Bd2 Bxd2+ 7. Nbxd2 Be6 8. e3 b5 9. b3 cxb3 10. Nxb3 Bxb3
11. axb3 c6 12. Be2 Ne7 13. O-O Kc7 14. Rfd1 Nd7 15. Rac1 a6 16. e6 fxe6 17.
Nd4 e5 18. Ne6+ Kc8 19. Bf3 Nb8 {Deuer,M (2321)-Bashirli,S (1421) chess.com
INT 2022 0-1 (35)}) 5... Nc6 6. Nf3 Bg4 $146 ({RR} 6... Bb4 7. Bg5+ f6 8. exf6
Nxf6 9. O-O-O+ Ke8 10. e3 Bg4 11. Bxf6 gxf6 12. Be2 Bxc3 13. bxc3 Ne5 14. h3
Be6 15. Nxe5 fxe5 16. Bh5+ Bf7 17. Bxf7+ Kxf7 18. Rd7+ Ke6 19. Rxc7 b6 20. Rd1
a5 21. Rxc4 {Iglesias Gimenez,J-Martin,B Los Llanos de Aridane 2001 1-0 (61)})
({RR} 6... Bb4 7. Bd2 Nge7 8. e4 Be6 9. Be2 Ng6 10. Rd1 Ncxe5 11. Nd5 Nd3+ 12.
Bxd3 Bxd2+ 13. Rxd2 cxd3 14. Rxd3 Kc8 15. O-O Rd8 16. Rfd1 Bxd5 17. Rxd5 Rxd5
18. Rxd5 Ne7 19. Rd1 h6 20. Ne5 f5 21. Rd7 {Major,K (1807)-Kyupriyski,B (1999)
Mielno 2007 1-0 (32)}) 7. Bf4 Nb4 8. Rc1 Bxf3 9. exf3 Nd3+ 10. Bxd3 cxd3 11.
Rd1 1-0

[Event "Floripa Chess Open 2024"]
[Site "Florianopolis"]
[Date "2024.01.28"]
[Round "10.202"]
[White "Wathier, Natalia"]
[Black "Da Silva Junior, Jose Cacio"]
[Result "1-0"]
[WhiteElo "1800"]
[BlackElo "1139"]
[PlyCount "49"]
[EventDate "2024.01.20"]
[EventRounds "10"]
[EventCountry "BRA"]

1. d4 d5 2. Bf4 Nf6 3. Nf3 Bf5 4. e3 e6 5. Bd3 g6 ({RR} 5... c6 6. O-O Be7 7.
Bxf5 exf5 8. c4 dxc4 9. Qc2 Qd5 10. Ne5 Nbd7 11. Qxf5 Nxe5 12. dxe5 Ne4 13. f3
Nc5 14. Nc3 Qe6 15. Qc2 O-O 16. Bg3 Rad8 17. f4 f5 18. e4 Nd3 19. exf5 Rxf5 20.
Rf3 {Abou el Zein,E (2366)-Rausis,I (2486) Tanta 2000 1/2-1/2 (52)}) 6. Bxf5
$146 ({RR} 6. O-O Bg7 7. Qe2 Nc6 8. Nbd2 Qd7 9. a3 O-O-O 10. Bxf5 gxf5 11. Ne5
Nxe5 12. Bxe5 Rdg8 13. c4 Ng4 14. Bg3 h5 15. cxd5 Qxd5 16. Nf3 Bf6 17. Rac1 Bd8
18. h3 Nh6 19. Rc5 Qd7 20. Rfc1 c6 {Bartholdus,D (1298)-Kraus,J (1475) Bingen
2008 1-0 (51)}) ({RR} 6. Ne5 Bd6 7. O-O O-O 8. c4 c5 9. cxd5 exd5 10. Bxf5 gxf5
11. Nc3 Nbd7 12. Qb3 Nb6 13. a4 a5 14. Qc2 Qc8 15. Nb5 Rd8 16. Nxd6 Rxd6 17.
Qxc5 Qd8 18. Nxf7 Kxf7 19. Qxd6 Qxd6 20. Bxd6 Nc4 {Cirtina,V (1100)-Cioculeasa,
A (1151) Calimanesti 2015 0-1 (52)}) ({RR} 6. O-O Be7 7. Qe2 a6 8. Nbd2 Nc6 9.
c3 Ne4 10. Rfe1 Nxd2 11. Nxd2 Bd6 12. Bg3 e5 13. e4 exd4 14. exd5+ Ne7 15. cxd4
Bxd3 16. Qxd3 O-O 17. Qf3 Bxg3 18. Qxg3 Nxd5 19. a3 Nf6 20. Nf3 Qd7 {Zarif,
A-Kwong,W Maribor 2012 0-1 (39)}) 6... exf5 7. Bg5 Bg7 8. h3 Nbd7 9. g4 h6 10.
Bxf6 Bxf6 11. gxf5 gxf5 12. Rg1 Qe7 13. Qd2 O-O-O 14. Qa5 Kb8 15. Nc3 f4 16.
Nxd5 Qd6 17. Nxf6 Qxf6 18. O-O-O fxe3 19. fxe3 Qxf3 20. Rgf1 Qxe3+ 21. Rd2 Qxh3
22. Rxf7 h5 23. d5 Ne5 24. Qxc7+ Ka8 25. Qxb7# 1-0

[Event "Floripa Chess Open 2024"]
[Site "Florianopolis"]
[Date "2024.01.28"]
[Round "10.204"]
[White "Justiniano Flores, Tsuyoko Fernanda"]
[Black "Makowski, Silvia Cristina"]
[Result "0-1"]
[WhiteElo "1800"]
[BlackElo "1054"]
[PlyCount "56"]
[EventDate "2024.01.20"]
[EventRounds "10"]
[EventCountry "BRA"]

1. e4 c5 2. Bc4 g6 ({RR} 2... Nf6 3. e5 d5 4. Bb5+ Nfd7 5. e6 fxe6 6. Qh5+ g6
7. Qe5 Rg8 8. Qxe6 Rg7 9. Qxd5 a6 10. Be2 Nc6 11. Nf3 e6 12. Qb3 g5 13. h3 Nf6
14. d3 g4 15. hxg4 Rxg4 16. g3 b5 17. Bh6 {Rasik,V (2407)-Janz,F (2330) Bayern
2004 1-0}) 3. Qf3 e6 4. Qe3 $146 ({RR} 4. Qc3 Qf6 5. Ne2 Nc6 6. d3 b6 7. O-O
Bd6 8. Qxf6 Nxf6 9. Bd2 Be5 10. Bc3 Bxc3 11. Nbxc3 O-O 12. Rfd1 a6 13. d4 b5
14. Bd3 c4 15. e5 cxd3 16. Rxd3 Nh5 17. d5 Nxe5 18. Re3 Ng4 {Lescale,R (1070)
-Mauron,R (1630) Montigny le Bretonneux 2001 0-1 (57)}) ({RR} 4. Nh3 Nc6 5. Ng5
Qxg5 6. O-O Ne5 7. Qc3 Qh6 8. d4 cxd4 9. Qxd4 Qg7 10. Nd2 Nxc4 11. Qxc4 Ne7 12.
Nf3 Nc6 13. Bg5 Be7 14. Bf4 O-O 15. Rad1 Qxb2 16. Bh6 Re8 17. Rde1 Qb4 18. Qe2
Bf8 {Gomes,L-Tjaronda,N (1545) Casablanca MAR 2019 0-1 (33)}) ({RR} 4. Nc3 Nc6
5. a3 Ne5 6. Qe2 Nxc4 7. Qxc4 b6 8. d4 Bb7 9. d5 Qf6 10. Nf3 Bh6 11. Nb5 Kd8
12. Bxh6 Nxh6 13. O-O-O Ng4 14. Rd2 Ba6 15. Qa4 Bxb5 16. Qxb5 Qf4 17. dxe6 Ke7
18. Qxd7+ Kf8 {Schneidereit,M (1567)-Braeu,E (1455) Bad Sooden 2006 1-0}) ({RR
} 4. d3 Bg7 5. Nh3 Ne7 6. Ng5 O-O 7. Qh3 h6 8. Nf3 d5 9. Bb5 Qa5+ 10. Nc3 d4
11. Bc4 dxc3 12. bxc3 Qxc3+ 13. Nd2 Qxa1 14. O-O Qf6 15. Nf3 e5 16. Qh4 Qxh4
17. Nxh4 Nbc6 {0-1 (17) Albadalejo Mata,R-Vidal Rius,E Sant Boi 2000}) 4... Nc6
5. Nf3 Nb4 6. Qc3 Qf6 7. Ne5 Nxc2+ 8. Kd1 Nxa1 9. d4 cxd4 10. Qxd4 Bg7 11. Qc5
Qxe5 12. Qb4 Qd4+ 13. Bd2 Qxe4 14. Qa5 Qxb1+ 15. Ke2 Qxh1 16. Qc7 Qxg2 17. Ba5
b6 18. Bb4 Qe4+ 19. Kf1 Nc2 20. Ba3 Nxa3 21. bxa3 Nf6 22. Bb3 O-O 23. Qd6 Bb7
24. Qg3 Qf5 25. h4 Bf3 26. Kg1 Qb1+ 27. Bd1 Qxd1+ 28. Kh2 Qh1# 0-1